| 000 | 00688nam a22001697a 4500 | ||
|---|---|---|---|
| 003 | SGT | ||
| 020 | _a9780706999358 | ||
| 082 | _a541.36,MIS | ||
| 100 | _aRASTOGI R P | ||
| 245 | _aAN INTRODUCTION TO CHEMICAL THERMODYNAMICS | ||
| 250 | _a6TH | ||
| 260 |
_aNEW DELHI _bVIKAS _c2014 |
||
| 300 | _a626 | ||
| 650 | _aTHERMO CHEMISTRY & THERMODYNAMICS | ||
| 653 | _aFundamental Concepts, The First Law of Thermodynamics, Thermo-chemistry, The Second Law of Thermodynamics, Free Energy Functions, Statistical Thermodynamics, System of Variable Composition, Chemical Equilibria, The Phase Rule, Non-Equilibrium States: Linear Thermodynamics of Irreversible Processes. | ||
| 942 |
_2ddc _cFPS |
||
| 999 |
_c9239 _d9239 |
||